Statistics for My Favorite Animated Shows

Click here to take the quiz!

General Stats

  • This quiz has been taken 25 times
  • The average score is 5 of 17

Answer Stats

SummaryCountry of OriginChannel/s it appeared in the USAYears RunningAnswer% Correct
Three little girls protect their cityUnited StatesCartoon Network1998-2005The Powerpuff Girls
90%
Three preteen boys try and fail to con the neighborhood kidsCanadaCartoon Network1999-2009Ed, Edd n Eddy
50%
Twins spend the summer in a strange townUnited StatesDisney2012-2016Gravity Falls
50%
A young boy awakens to a world at warUnited StatesNickolodeon2005-2008Avatar: The Last Airbender
40%
Three friends explore and have adventures around their local streamUnited StatesCartoon Network2018-2023Craig of the Creek
40%
A boy travels the world with his friends and petsJapan4 Kids, Cartoon Network, Disney, Netflix1997-Pokémon
40%
A happy go lucky poriferan living his best life with his friendUnited StatesNickolodeon1999-SpongeBob SquarePants
40%
A dysfunctional family living in suburbiaUnited StatesFox1989-The Simpsons
40%
A group of kids love their free timeUnited StatesDisney1997-2001Recess
30%
Two brothers live in a strange townUnited KingdomCartoon Network2011-2019The Amazing World of Gumball
30%
A young boy with magic powers lives with three magical aliensUnited StatesCartoon Network2013-2019Steven Universe
20%
Three brothers in San Francisco trying to fit inUnited StatesCartoon Network2015-2019We Bare Bears
20%
Nocturnal creatures awake after a thousand years of sleepingUnited StatesDisney1994-1997Gargoyles
10%
A student becomes a political power in her country after making friendsCanadaThe Hub, Discovery Family2010-2019My Little Pony: Friendship is Magic
10%
A young prince is gifted a great power and must form a group of the strongest individuals in his kingdomUnited StatesDisney2016-2019The Lion Guard
10%
A group of teens and young adults become part of a force to defend othersUnited StatesNetflix2016-2018Voltron: Legendary Defender
10%
Four youngsters in a post-apocalyptical world travel in search of a place that only they can findJapanAdult Swim2004Wolf's Rain
10%

Score Distribution

Percentile by Number Answered

Percent of People with Each Score

Your Score History

You have not taken this quiz